000 00499nam a22001697a 4500
003 CEME
005 20210628203331.0
008 210304b xxu||||| |||| 00| 0 eng d
040 _c.
082 _a503 SCI
100 _aMakeen Ahsan Kalim, Urdu Science Board
_964778
245 _aDictionary for scientific and technical terms, english-urdu
260 _aLAHORE
_bURDU SCIENCE BOARD
_c1999
300 _a620P
650 _aDICTIONARY FOR SCIENTIFIC AND TECHNICAL TERMS
_964779
942 _cBK
_2ddc
999 _c573175
_d573175